000 00288nam a22001337a 4500
008 181020b xxu||||| |||| 00| 0 eng d
020 _a9780374522643
041 _aeng
080 _a941
100 _a17
101 _aHIS
245 _aAmerican Populism
_cMcMath, R.C
942 _2udc
_cBK
999 _c50336
_d50336